| 000 | 00343nam a22001337a 4500 | ||
|---|---|---|---|
| 020 | _qHB. | ||
| 040 | _cFIZZA ISHAQ | ||
| 082 |
_a510.331 _bFEL |
||
| 100 |
_aFELIX,LUCIENNE. _9131674 |
||
| 245 |
_aTHE MODERN ASPECT OF MATHEMATICS / _cLUCIENNE FELIX. |
||
| 260 |
_aNEW YORK: _bBASIC BOOKS, ING, _c1960. |
||
| 300 | _a194 P. ; | ||
| 942 |
_2ddc _cBK |
||
| 999 |
_c615282 _d615282 |
||